| 000 | 00601nam a2200169 4500 | ||
|---|---|---|---|
| 001 | 120134 | ||
| 003 | ES-MaACL | ||
| 005 | 20230906191455.0 | ||
| 007 | t| | ||
| 008 | 070214s1959 sp r ||||1| spa d | ||
| 110 | 2 |
_aJunta Diocesana de Acción Católica (Vitoria) _95404 |
|
| 245 | 1 | 3 |
_aLa figura, la obra y las virtudes de Pío XII _b: en la evocación del Emmo. Cardenal Domingo Tardini, ante la presencia de S.S. el Papa reinante. |
| 260 |
_aVitoria : _bed. S. Católica, _c1959. |
||
| 300 |
_a47 p. ; _c15 cm. |
||
| 700 | 1 |
_aTardini, Domingo. _9109278 |
|
| 852 |
_aES-MaACL _j2024-F-13 _bR.45406 |
||
| 999 |
_c120134 _d120134 |
||